Přestavba hospodářského mechanizmu v ČSSR. Vybrané dokumenty

Salvato in:
Dettagli Bibliografici
Natura: Libro
Pubblicazione: Praha : Svoboda, 1988
Tags: Aggiungi Tag
Nessun Tag, puoi essere il primo ad aggiungerne!!

MARC

LEADER 00000nam a22000003a 4500
001 stu14961
005 20150408181723.3
008 ------s1988----cs----------------------d
040 |a STU  |b slo 
041 0
044 |a cs 
080 |a 330.341 
245 |a Přestavba hospodářského mechanizmu v ČSSR. Vybrané dokumenty 
260 |a Praha :  |b Svoboda,  |c 1988 
300 |a 159 s 
996 |b CB873  |c C*B873  |l CCXIV  |s P  |a 0  |w stu14961_0001 
996 |b CB874  |c C*B874  |l CCXIV  |s P  |a 0  |w stu14961_0002